Culture générale #2 - Statistiques

Statistiques générales
  • Ce quiz a été pris 79 fois
  • Le résultat moyen est 6 sur 21
Statistiques - réponses
Hint Réponse % Correct
Avec combien de pays la Corée du Nord a de frontières ? 3
89%
Qui ne peut pas être représenté dans la religion musulmane ? Allah / Mahomet le prophète
54%
Quel est l'ingrédient principal de la sauce du bœuf bourguignon ? vin rouge
49%
En quelle année a eu lieu le premier choc pétrolier ? 1973
46%
Quel est la plateforme française de vidéos en ligne ? Dailymotion
44%
Qui a adopté le décret instaurant les poubelles ? Eugène Poubelle
42%
Qui est le dieu de la mort dans la religion antique égyptienne ? Osiris
39%
Qui est le maitre de l'empereur Alexandre le Grand ? Aristote
36%
Qui était le directeur des Jeux Olympique 2024 ? Tony Estanguet
36%
De quoi est composé le nuage s'échappant des centrales nucléaires ? vapeur d'eau
35%
Quel est le fromage le plus consommé au monde ? mozzarella
33%
Dans quelle région de Turquie se situent d'anciennes villes troglodytes ? Cappadoce
19%
Quelle est l'organisation dans la série Game of Thrones d'hommes qui gardent le mur ? Garde de Nuit
18%
Qui est demi frère d'Hagrid dans Harry Potter ? Graup
15%
Quelle langue est parlé en Iran? farsi
13%
Quel est le prénom du rappeur Ademo dans le groupe PNL ? Tarik
13%
Comment dit on "variole" en anglais ? pox
10%
Qui est à l'origine de la théorie de la main invisible en économie ? Adam Smith
8%
Quelle est l'algue la plus répandu dans les eaux bretonnes ? algue verte
6%
Quelle est la formule du discriminant delta de la fonction polynôme ? b² - 4ac
6%
Quel était le parti politique de Jacques Chirac ? l'UMP
4%
Aucun quiz correspondant
Distribution des résultats
% des personnes avec chaque résultat
Percentile par nombre de réponses
Votre historique - résultats
Vous n’avez pas pris ce quiz